[Event "ch-Kyiv"]
[Site "Kyiv UKR"]
[Date "2007.01.30"]
[Round "11"]
[White "Ivchenko,A UKR"]
[Black "Docenko,F"]
[Result "0-1"]
[WhiteElo "2154"]
[BlackElo "2087"]

1.d4 Nf6 2.c4 c6 3.Nc3 d5 4.Nf3 dxc4 5.a4 Bf5 6.Ne5 Nbd7 7.Nxc4 Qc7 8.g3 e5
9.dxe5 Nxe5 10.Bf4 Rd8 11.Qc1 Nfd7 12.Bg2 Be6 13.Nxe5 Nxe5 14.Qe3 Bd6 15.Bxe5 Bxe5
16.O-O O-O 17.Rfd1 a6 18.Rd2 Rxd2 19.Qxd2 Rd8 20.Qc2 g6 21.Rd1 Rxd1+ 22.Nxd1 Qb6
23.Nc3 Qb4 24.h4 h5 25.Be4 Kg7 26.Bf3 Bb3 27.Qd3 Qd4 28.Qxd4 Bxd4 29.a5 Be5
30.Ne4 Bd5 31.b3 Bc7 32.Nc5 Bxf3 33.exf3 Bxa5 34.Nxb7 Bb4 35.Kf1 Kf6 36.Nd8 c5
37.f4 a5 38.Nc6 Bc3 39.Ke2 c4 40.bxc4 a4 41.Kd3 Be1 42.Nd4 Bxf2 43.c5 Bxd4
44.Kxd4 Ke6 45.Kc3 Kd5 46.Kb4 a3 47.c6 Kxc6 48.Kxa3 Kd5 49.Kb4 f5 50.Kb5 Ke4
51.Kc5 Kf3  0-1

[Event "12th HIT Open A"]
[Site "Nova Gorica SLO"]
[Date "2007.01.30"]
[Round "7"]
[White "Srebrnic,A"]
[Black "Jeric,S"]
[Result "1-0"]
[WhiteElo "2245"]
[BlackElo "2337"]

1.Nf3 d5 2.d4 Nf6 3.c4 c6 4.Nc3 dxc4 5.a4 Bf5 6.e3 e6 7.Bxc4 Nbd7 8.O-O Be7
9.Qe2 O-O 10.e4 Bg6 11.Bf4 Nb6 12.Bb3 a5 13.Rfd1 Re8 14.Ne5 Nfd7 15.Nxg6 hxg6
16.Qf3 Bb4 17.Rac1 Qe7 18.Qg3 Rac8 19.Na2 e5 20.dxe5 Nc5 21.Nxb4 axb4 22.Rxc5 Qxc5
23.Be3 Qxe5 24.Qxe5 Rxe5 25.Bxb6 Rxe4 26.Bc5 Re2 27.Rb1  1-0

[Event "TCh-NED 2006-7"]
[Site "Netherlands NED"]
[Date "2007.02.03"]
[Round "5"]
[White "Kalka,A"]
[Black "Sokolov,Iv"]
[Result "0-1"]
[WhiteElo "2407"]
[BlackElo "2652"]

1.d4 d5 2.c4 dxc4 3.Nf3 Nf6 4.Nc3 c6 5.a4 Bf5 6.e3 e6 7.Bxc4 Bb4 8.O-O O-O
9.Qb3 Qe7 10.Nh4 a5 11.Nxf5 exf5 12.Qc2 Qd7 13.Bd3 g6 14.f3 Na6 15.Qf2 Nc5
16.Bc2 Ne6 17.Rd1 Rad8 18.e4 fxe4 19.Nxe4 Nxe4 20.fxe4 Bc5 21.Be3 Bxd4 22.Bxd4 Nxd4
23.Bb3 c5 24.Bd5 Qe7 25.Ra3 Kg7 26.Re1 Qe5 27.Rh3 h5 28.Rg3 b6 29.h4 f6 30.Ree3 g5
31.Qf1 g4 32.Qa6 Rd6 33.Kh1 Kh6 34.Qf1 f5 35.exf5 Nxf5 36.Qc1 Nxg3+ 37.Rxg3+ Qf4  0-1

[Event "Zima Rating Tournament"]
[Site "St Petersburg RUS"]
[Date "2007.02.06"]
[Round "7"]
[White "Frolov,Alb"]
[Black "Shlakich,A"]
[Result "1-0"]
[WhiteElo "2035"]
[BlackElo "2225"]

1.d4 d5 2.c4 c6 3.Nf3 Nf6 4.Nc3 dxc4 5.a4 Bf5 6.Ne5 e6 7.e3 Na6 8.Bxc4 Nb4
9.O-O Be7 10.Qe2 O-O 11.e4 Bg6 12.Nxg6 hxg6 13.Be3 Qa5 14.Rfd1 Rfd8 15.Rac1 Rd7
16.Qf3 Rad8 17.h3 e5 18.dxe5 Qxe5 19.Bf4 Rxd1+ 20.Rxd1 Rxd1+ 21.Nxd1 Qxe4
22.Qxe4 Nxe4 23.g3 Nc5 24.Be3 Nxa4 25.Bxa7 b5 26.Be2 Bc5 27.Bb8 Nc2 28.Bd3 Nd4
29.Be4 f5 30.Bg2 Kf7 31.Be5 b4 32.Kf1 Ke6 33.Bxg7 Kd6 34.g4 b3 35.Ne3 Nxb2
36.Bf8+ Ke5 37.Bxc5 Nd3 38.Nc4+ Kf4 39.Bxd4 fxg4 40.hxg4 Kxg4 41.Be4 Kf4
42.Bxd3  1-0

[Event "JAPFA Match"]
[Site "Jakarta INA"]
[Date "2007.02.11"]
[Round "5"]
[White "Zhang Zhong"]
[Black "Megaranto,S"]
[Result "1-0"]
[WhiteElo "2618"]
[BlackElo "2517"]

1.Nf3 d5 2.d4 Nf6 3.c4 dxc4 4.Nc3 c6 5.a4 Bf5 6.Ne5 e6 7.f3 c5 8.e4 Bg6 9.Be3 cxd4
10.Qxd4 Qxd4 11.Bxd4 Nfd7 12.Nxd7 Nxd7 13.Bxc4 a6 14.Rc1 Rc8 15.Ba2 Rg8 16.Ke2 Nb8
17.Rhd1 Nc6 18.Bb6 Bb4 19.Rd2 Ke7 20.Rcd1 Nb8 21.Rd4 a5 22.R1d3 Bc5 23.Bxc5+ Rxc5
24.Bc4 Nc6 25.Rd7+ Kf6 26.Bb5 Ne5 27.Rxb7 Nxd3 28.Kxd3 Rd8+ 29.Ke3 Rcc8 30.f4 Rb8
31.e5+ Kf5 32.Rxb8 Rxb8 33.h3  1-0

[Event "US Amateur Team East"]
[Site "Parsippany USA"]
[Date "2007.02.17"]
[Round "2"]
[White "Sorkin,I"]
[Black "Bournival,B"]
[Result "1/2-1/2"]
[WhiteElo "2354"]
[BlackElo "2241"]

1.d4 d5 2.c4 c6 3.Nf3 Nf6 4.Nc3 dxc4 5.a4 Bf5 6.e3 e6 7.a5 Bd3 8.Bxd3 cxd3
9.Ne5 Na6 10.O-O Nd7 11.Nxd3 Be7 12.Qb3 Qc8 13.Ne4 c5 14.dxc5 Naxc5 15.Ndxc5 Nxc5
16.Nxc5 Qxc5 17.Qxb7 O-O 18.e4 Rab8 19.Qa6 Qb5 20.Qxb5 Rxb5 21.a6 Bc5 22.Rd1 Rb4  1/2-1/2

[Event "ch-St Petersburg sf"]
[Site "St Petersburg RUS"]
[Date "2007.02.17"]
[Round "8"]
[White "Andreev,Ko"]
[Black "Pankov,Ger"]
[Result "1/2-1/2"]
[WhiteElo "2257"]
[BlackElo "2321"]

1.d4 d5 2.c4 c6 3.Nc3 Nf6 4.Nf3 dxc4 5.a4 Bf5 6.Nh4 Bd7 7.a5 e6 8.Nf3 Bb4
9.Bg5 Bxa5 10.e4 Qb6 11.Bxf6 gxf6 12.Qd2 Qb4 13.Bxc4 c5 14.d5 Qxc4 15.Rxa5 Na6
16.Qe3 O-O-O 17.Nd2 Qb4 18.Ra3 Qd4 19.O-O Qxe3 20.fxe3 f5 21.exf5 exd5 22.Ra5 Bc6
23.Nb3 d4 24.exd4 cxd4 25.Ne2 d3 26.Ned4 Bd5 27.Rd1 Bxb3 28.Nxb3 Rd6 29.Nc5 Nxc5
30.Rxc5+ Kb8 31.Rc3 Rhd8 32.Rd2 Rd5 33.g4 h5 34.gxh5 Rg8+ 35.Kf2 Rxf5+ 36.Ke3 Rxh5
37.Rcxd3 Rgh8 38.Rd8+ Rxd8 39.Rxd8+ Kc7 40.Rd2 Kc6 41.Kf4 a5 42.Kg4 Rh7 43.h4 Kc5
44.h5 b5 45.Kg5 Kc4 46.h6 a4 47.Rh2 Kb3 48.Rf2 Ka2 49.Rf5 b4 50.Ra5 Kxb2
51.Rxa4 b3 52.Ra8 Kc2 53.Kh5 b2 54.Rc8+  1/2-1/2

[Event "ch-St Petersburg sf"]
[Site "St Petersburg RUS"]
[Date "2007.02.18"]
[Round "9"]
[White "Goganov,A"]
[Black "Timofeev,An"]
[Result "1-0"]
[WhiteElo "2214"]
[BlackElo "2335"]

1.d4 d5 2.c4 c6 3.Nf3 Nf6 4.Nc3 dxc4 5.a4 Bf5 6.e3 Na6 7.Bxc4 Nb4 8.O-O e6
9.Qe2 a5 10.e4 Bg4 11.Rd1 Be7 12.Bf4 O-O 13.Rac1 Qb6 14.h3 Bh5 15.g4 Bg6
16.Ne5 Rad8 17.h4 Rxd4 18.Rxd4 Qxd4 19.Rd1 Qa7 20.h5 Bxe4 21.Nxe4 Nbd5 22.Nxf6+ gxf6
23.Bxd5 cxd5 24.Be3 Qa8 25.Nf3 Rc8 26.g5 Rc4 27.gxf6 Bxf6 28.Bd4 Qd8 29.Ne5 Rxd4
30.Rxd4 Qc7 31.Rg4+ Kf8 32.Nd3 h6 33.Qe3 Qc2 34.Qc5+ Qxc5 35.Nxc5 Bxb2 36.Nxb7 Bc3
37.Nd6 Ke7 38.Nb5 Bb2 39.Kf1 Bc1 40.Ke2 Kf6 41.Rg8 e5 42.Ra8 Kg5 43.Rxa5 Kxh5  1-0

[Event "TCh-AUT 2006-7"]
[Site "Mattersburg AUT"]
[Date "2007.03.08"]
[Round "8"]
[White "Babula,V"]
[Black "Kreisl,R"]
[Result "1-0"]
[WhiteElo "2584"]
[BlackElo "2289"]

1.d4 d5 2.c4 c6 3.Nf3 Nf6 4.Nc3 dxc4 5.a4 Bf5 6.Ne5 e6 7.f3 Bb4 8.e4 Bxe4
9.fxe4 Nxe4 10.Bd2 Qxd4 11.Nxe4 Qxe4+ 12.Qe2 Bxd2+ 13.Kxd2 Qd5+ 14.Kc2 Na6
15.Nxc4 O-O 16.Qe5 Rab8 17.a5 f6 18.Qxd5 cxd5 19.Nd2 Rfc8+ 20.Kb1 Nb4 21.Ra4 Nc6
22.Be2 b5 23.axb6 Rxb6 24.Rc1 Rcb8 25.Ra2 Nb4 26.Ra3 Nc6 27.Nb3 a5 28.Rc2 Rxb3
29.Rxb3 Rxb3 30.Rxc6 Re3 31.Bf3 d4 32.Kc2 e5 33.Bd5+ Kf8 34.Kd2 f5 35.Rc7 g6
36.Rxh7 f4 37.Ra7 d3 38.Bf3 e4 39.Bd1 f3 40.gxf3  1-0

[Event "ch-SRB"]
[Site "Vrsac SRB"]
[Date "2007.03.08"]
[Round "5"]
[White "Ivanisevic,I"]
[Black "Pikula,D"]
[Result "0-1"]
[WhiteElo "2602"]
[BlackElo "2513"]

1.d4 d5 2.c4 c6 3.Nf3 Nf6 4.Nc3 dxc4 5.a4 Bf5 6.Nh4 Bd7 7.e4 e6 8.Bxc4 Nxe4
9.Nxe4 Qxh4 10.Qf3 f5 11.Ng5 Qxd4 12.Qb3 Qb6 13.Qa2 Bb4+ 14.Kf1 Na6 15.Nxe6 Bxe6
16.Bxe6 Nc7 17.Bf4 Rd8 18.h4 Nd5 19.Qc4 Nxf4 20.Qxf4 Qd4 21.Qc7 Qd3+ 22.Kg1 Qd1+  0-1

[Event "TCh-AUT 2006-7"]
[Site "Mattersburg AUT"]
[Date "2007.03.10"]
[Round "10"]
[White "Horvath,P1"]
[Black "Horvath,Cs1"]
[Result "1/2-1/2"]
[WhiteElo "2451"]
[BlackElo "2538"]

1.d4 d5 2.c4 c6 3.Nf3 Nf6 4.Nc3 dxc4 5.a4 Bf5 6.Ne5 e6 7.f3 c5 8.e4 Bg6 9.Be3 cxd4
10.Qxd4 Qxd4 11.Bxd4 Nfd7 12.Nxd7 Nxd7 13.Bxc4 a6  1/2-1/2

[Event "Eastern Class Championships"]
[Site "Sturbridge USA"]
[Date "2007.03.10"]
[Round "2"]
[White "Sarkar,J"]
[Black "Bournival,B"]
[Result "0-1"]
[WhiteElo "2405"]
[BlackElo "2241"]

1.d4 d5 2.c4 c6 3.Nf3 Nf6 4.Nc3 dxc4 5.a4 Bf5 6.Ne5 Nbd7 7.Nxc4 Nb6 8.Ne5 a5
9.f3 Nfd7 10.Nxd7 Bxd7 11.e4 e6 12.Be3 Bb4 13.Be2 O-O 14.O-O Rc8 15.Na2 Be7
16.Nc1 c5 17.dxc5 Bxc5 18.Bxc5 Rxc5 19.Nb3 Rc8 20.Qd4 Bxa4 21.Rxa4 Nxa4 22.Qxa4 Qb6+
23.Rf2 Rc2 24.Qb5 Qe3 25.Qd3 Rxe2 26.Qxe2 Qxb3 27.Qc2 Qb6 28.Kf1 Rd8 29.Rd2 Rxd2
30.Qxd2 g6 31.Qc3 Qc6 32.Qxc6 bxc6 33.Ke2 Kf8 34.e5 Ke7 35.Kd3 Kd7 36.Kc4 Kc7
37.Kc5 a4 38.f4 h5 39.g3 Kb7 40.Kd6 Kb6 41.Ke7 c5 42.Kxf7 c4 43.Kxe6 a3 44.bxa3 c3
45.Kf7 c2 46.e6 c1=Q 47.e7 Qc4+ 48.Kf8 Qc5 49.Kf7 Qf5+ 50.Kg7 Qe6 51.Kf8 Qf6+  0-1

[Event "TCh-BEL 2006-7"]
[Site "Belgium BEL"]
[Date "2007.03.11"]
[Round "10"]
[White "De Haan,E"]
[Black "Marechal,A"]
[Result "1/2-1/2"]
[WhiteElo "2307"]
[BlackElo "2306"]

1.d4 d5 2.c4 c6 3.Nf3 Nf6 4.Nc3 dxc4 5.a4 Bf5 6.e3 e6 7.Bxc4 Bb4 8.O-O O-O
9.Qe2 Bg6 10.Ne5 Nbd7 11.Nxg6 hxg6 12.Rd1 Qe7 13.e4 e5 14.d5 a5 15.Bg5 Rac8
16.Rac1 Rfd8 17.Qf3 Nf8 18.Bb3  1/2-1/2

[Event "TCh-AUT 2006-7"]
[Site "Mattersburg AUT"]
[Date "2007.03.11"]
[Round "11"]
[White "Weiss,C"]
[Black "Naumann,A"]
[Result "0-1"]
[WhiteElo "2469"]
[BlackElo "2549"]

1.d4 d5 2.c4 c6 3.Nf3 Nf6 4.Nc3 dxc4 5.a4 Bf5 6.e3 e6 7.Bxc4 Bb4 8.O-O Nbd7
9.Qe2 Bg6 10.Bd2 O-O 11.Rfc1 Bh5 12.Qe1 Bxf3 13.gxf3 e5 14.Ne2 Bxd2 15.Qxd2 Qe7
16.Ng3 g6 17.a5 Rad8 18.Be2 Nb8 19.Rc4 c5 20.Qc3 cxd4 21.exd4 exd4 22.Rxd4 Rxd4
23.Qxd4 Nc6 24.Qa4 Qe5 25.Qb5 Qxb5 26.Bxb5 Nd4 27.Be2 Rc8 28.a6 bxa6 29.Bxa6 Rc2
30.b4 Nxf3+ 31.Kg2 Ne5 32.Be2 Nd5 33.b5 Nf4+ 34.Kf1 h5 35.Bd1 Rb2 36.Ne2 Nfd3
37.h3 Rxb5 38.Bc2 Nb4 39.Be4 f5 40.Ba8 a6 41.Nd4 Rb8 42.Bg2 Rd8 43.Nb3 Ned3
44.Kg1 Nf4 45.Bf1 Rd6 46.Ra4 Nbd3 47.Rc4 Kg7 48.Nc1 Nxc1 49.Rxf4 Nb3 50.Rc4 Nd2
51.Rc7+ Kf6 52.Bg2 Ne4 53.f3 Ng3 54.Kh2 f4 55.h4 Nf5 56.Kh3 Ne3 57.Ra7 Ke5
58.Re7+ Kf6 59.Ra7 g5 60.hxg5+ Kxg5 61.Rg7+ Rg6 62.Rf7 Kh6 63.Bh1 Rg1 64.Rxf4 Rxh1+
65.Kg3 Ra1 66.Re4 Nf5+ 67.Kf4 Nh4  0-1

[Event "ch-TUR"]
[Site "Ankara TUR"]
[Date "2007.03.13"]
[Round "13"]
[White "Demir,Z"]
[Black "Secer,A"]
[Result "0-1"]
[WhiteElo "2016"]
[BlackElo "2287"]

1.d4 d5 2.c4 c6 3.Nf3 Nf6 4.Nc3 dxc4 5.a4 Bf5 6.Nh4 Bd7 7.e4 e6 8.Nf3 Bb4
9.Qc2 c5 10.e5 Nd5 11.Bxc4 cxd4 12.Nxd4 Qa5 13.Nb5 a6 14.Nd6+ Kf8 15.O-O Nxc3
16.bxc3 Bxc3 17.Ba3 Kg8 18.Rac1 b5 19.Qe4 Ra7 20.Qf4 f6 21.exf6 Bxf6 22.Nxb5 axb5
23.Qxb8+ Bd8 24.Qd6 Kf7 25.Bb4 Qxa4 26.Be2 Re8 27.Bh5+ g6 28.Bg4 Be7 29.Qf4+ Kg8
30.Rb1 Bxb4 31.Rxb4 Qa2 32.Re1 Rf8 33.Qe3 Ra3 34.Qd4 Rd3 35.Qb2 Qxb2 36.Rxb2 Rd4
37.h3 Kf7 38.Rbe2 Rd6 39.Re4 Ra8 40.Rb4 Ra4 41.Reb1 Rxb4 42.Rxb4 Rd2 43.Bf3 Ke7
44.Be4 Kd6 45.g4 Kc5 46.Rb1 b4 47.Rc1+ Kd4 48.Bb7 b3 49.Kg2 b2 50.Re1 Bb5
51.Be4 Bd3 52.Bxd3 Kxd3 53.Kf3 Kc2 54.Ke3 Rd1 55.Re2+ Kc3  0-1

[Event "ch-SRB"]
[Site "Vrsac SRB"]
[Date "2007.03.15"]
[Round "11"]
[White "Tadic,B"]
[Black "Bogosavljevic,B"]
[Result "0-1"]
[WhiteElo "2496"]
[BlackElo "2470"]

1.d4 d5 2.c4 c6 3.Nf3 Nf6 4.Nc3 dxc4 5.a4 Bf5 6.e3 e6 7.Bxc4 Nbd7 8.O-O Bb4
9.Nh4 Bg4 10.f3 Bh5 11.g3 O-O 12.Kh1 c5 13.Na2 a5 14.Nxb4 axb4 15.g4 Bg6
16.Nxg6 hxg6 17.Qb3 cxd4 18.exd4 Nb6 19.Bb5 Qxd4 20.Rd1 Qe5 21.Qxb4 Nfd5
22.Qd4 Qxd4 23.Rxd4 Rfc8 24.Bg5 Rc2 25.b3 Rb2 26.Rd3 Nb4 27.Rd6 N4d5 28.Bd8 Nc8
29.Rd7 Rxb3 30.Bc4 Rxf3 31.Bxd5 exd5 32.Rxb7 Nd6 33.Rd7 Nc4 34.Rxd5 Ne3 35.Rd7 Rxa4
36.Rc1 Nxg4 37.Rd2 Nh6 38.Bc7 Kh7 39.Kg2 Rf5 40.Rc3 Rg4+ 41.Bg3 Ra4 42.Rc7 g5
43.Re2 Rfa5 44.Rcc2 Ra7 45.Bf2 Rg4+ 46.Kh3 Ra3+ 47.Bg3 Rga4 48.Rc5 Kg6 49.Rb2 Ra2
50.Rcc2 Rxb2 51.Rxb2 Nf5  0-1

[Event "ch-SRB"]
[Site "Vrsac SRB"]
[Date "2007.03.17"]
[Round "13"]
[White "Tadic,B"]
[Black "Solak,D"]
[Result "1-0"]
[WhiteElo "2496"]
[BlackElo "2564"]

1.Nf3 d5 2.d4 Nf6 3.c4 c6 4.Nc3 dxc4 5.a4 Bf5 6.Ne5 e6 7.g3 Bb4 8.Bg2 Ne4
9.O-O Nxc3 10.bxc3 Bxc3 11.Ba3 Qxd4 12.Nxc4 Qxc4 13.Qd6 Bf6 14.Rfd1 e5 15.Rab1 Bxb1
16.Bh3 c5 17.Bxc5 Qxa4 18.Rd5 Qa1 19.Bd7+ Kd8 20.Bb6+ axb6 21.Qxb6+ Ke7 22.Qc5+ Kd8
23.Bb5+ Nd7 24.Rxd7+ Ke8 25.Rxb7+ Kd8 26.Qb6+ Kc8 27.Qc7+  1-0

[Event "60th ch-RUS sf Urals"]
[Site "Nizhnij Tagil RUS"]
[Date "2007.03.19"]
[Round "6"]
[White "Smirnov,Max"]
[Black "Kobylin,A"]
[Result "0-1"]
[WhiteElo "2119"]
[BlackElo "2147"]

1.d4 d5 2.c4 c6 3.Nc3 Nf6 4.Nf3 dxc4 5.a4 Bf5 6.e3 e6 7.Bxc4 Bb4 8.O-O Nbd7
9.Qb3 Qb6 10.e4 Bg4 11.e5 Nd5 12.Bxd5 exd5 13.Ne2 O-O 14.h3 Bf5 15.Ng3 Bg6
16.Bf4 Rfe8 17.h4 Nf8 18.h5 Be4 19.Nxe4 dxe4 20.Ng5 Ne6 21.Nxe6 Rxe6 22.Qe3 Rd8
23.Rfd1 Rd5 24.Qxe4 Qd8 25.Rd3 Bf8 26.Rad1 Ra5 27.d5 cxd5 28.Rxd5 Rxd5 29.Rxd5 Qe8
30.Rb5 b6 31.Rb3 Bc5 32.Rd3 a5 33.b3 Qc8 34.Qd5 Qf8 35.Qd7 Re7 36.Qc6 Re6
37.Qd5 Qe8 38.g3 Kf8 39.Kg2 h6 40.g4 g5 41.Bg3 Kg7 42.Qd7 Qa8+ 43.Rf3 Be7
44.Qd3 Bc5 45.Qd7 Be7 46.Qd3 Bc5 47.Qf5 Qb7 48.Kh2 Bd4 49.Rd3 Bc5 50.Rd2 Qe7
51.Qd3 Bb4 52.Rd1 Qc5 53.Qf3 Qc8 54.Rd5 Qc6 55.Qd3 Be7 56.Rd7 Qc1 57.Qf5 Qc5
58.Qd3 Qb4 59.Qd5 Qxg4 60.Qb7 Qxh5+ 61.Kg2 Bc5 62.Qc7 Qg6 63.Qc8 h5 64.Rd8 Qh7  0-1

[Event "66th ch-GEO"]
[Site "Tbilisi GEO"]
[Date "2007.03.20"]
[Round "6"]
[White "Kacheishvili,G"]
[Black "Gagunashvili,M"]
[Result "0-1"]
[WhiteElo "2587"]
[BlackElo "2611"]

1.d4 d5 2.c4 c6 3.Nf3 Nf6 4.Nc3 dxc4 5.a4 Bf5 6.Ne5 e6 7.f3 c5 8.e4 cxd4
9.exf5 Bb4 10.Bxc4 dxc3 11.Qxd8+ Kxd8 12.O-O cxb2 13.Bxb2 Ke7 14.Nd3 Rc8
15.Bb3 a5 16.Nxb4 axb4 17.Rfe1 Rc6 18.fxe6 fxe6 19.Re5 Nbd7 20.Rb5 Rb6 21.Rxb4 Rxb4
22.Ba3 Nd5 23.Bxd5 Rxa4 24.Bxb4+ Rxb4 25.Be4 Nf6 26.Bd3 Rb2 27.h4 h6 28.g4 Nd5
29.Ra7 Kf6 30.Be4 Ke5 31.Ra5 Kf4 32.Bxd5 exd5 33.Rxd5 Kg3 34.Rd1 g5 35.hxg5 hxg5
36.Rf1 b5 37.f4 gxf4 38.g5 f3 39.g6 Rg2+ 40.Kh1 Rh2+ 41.Kg1 f2+  0-1

[Event "zt 2.5 m"]
[Site "San Luis ARG"]
[Date "2007.03.23"]
[Round "7"]
[White "Mahia,G"]
[Black "Peralta,Fe"]
[Result "1/2-1/2"]
[WhiteElo "2424"]
[BlackElo "2549"]

1.d4 d5 2.c4 c6 3.Nf3 Nf6 4.Nc3 dxc4 5.a4 Bf5 6.e3 e6 7.Bxc4 Bb4 8.O-O O-O
9.Qe2 Bg6 10.Ne5 Nbd7 11.Rd1 Qa5 12.Nxg6 hxg6 13.Na2 Be7 14.b4 Qc7 15.Bb2 Bd6
16.e4 Bxh2+ 17.Kf1 Bf4 18.g3 Bh6 19.Kg2 Rfe8 20.e5 Nd5 21.Rh1 Qd8 22.Nc3 Nxc3
23.Bxc3 Nb6 24.Bb3 Nd5 25.Bd2 f5 26.Bxh6 gxh6 27.Qd2 Qg5 28.f4 Qe7 29.Bxd5 cxd5
30.Rxh6 Kg7 31.Rah1 Rh8 32.Rxh8 Rxh8 33.Rxh8 Kxh8 34.Qc3 Kg7 35.b5 b6 36.Qc6 Kf7
37.Qd6 Qe8 38.Qc7+ Qe7 39.Qc8 Kg7 40.Qc6 Kf7 41.Qd6 Qe8 42.Qc7+ Qe7 43.Qb8 Kg7
44.Kh3  1/2-1/2

[Event "TCh-BEL 2006-7"]
[Site "Belgium BEL"]
[Date "2007.03.25"]
[Round "11"]
[White "Chabanon,JL"]
[Black "Lemmers,O"]
[Result "1-0"]
[WhiteElo "2417"]
[BlackElo "2387"]

1.d4 d5 2.c4 c6 3.Nf3 Nf6 4.Nc3 dxc4 5.a4 Bf5 6.Nh4 Bc8 7.Nf3 Bf5 8.e3 e6
9.Bxc4 Bb4 10.O-O Nbd7 11.Qe2 Bg6 12.e4 O-O 13.Bd3 Bh5 14.e5 Nd5 15.Nxd5 cxd5
16.Qe3 Bg6 17.Bxg6 fxg6 18.Ng5 Re8 19.a5 Nf8 20.a6 Qb6 21.Qd3 Be7 22.axb7 Qxb7
23.Nf3 Rec8 24.Ra2 Bd8 25.Bd2 Rab8 26.Rfa1 Bb6 27.h4 Qf7 28.Bc3 Qf5 29.Qxf5 gxf5
30.Bb4 Rc4 31.Bd6 Rb7 32.b3 Rc3 33.b4 h6 34.Bc5 Rc4 35.Kh2 Ng6 36.g3 Ne7
37.h5 Nc6 38.b5 Nxd4 39.Bxd4 Rxd4 40.Nxd4 Bxd4 41.Rc1 Bxe5 42.Re1 Bd4 43.Rxe6 Rxb5
44.Rae2 Bf6 45.Rd6 f4 46.g4 f3 47.Re1 Rb2 48.Kg3 Bd4 49.Rd8+ Kf7 50.Rf1 Ke6
51.Kxf3 Rb3+ 52.Kg2 Ke5 53.Re1+ Kf4 54.Rxd5 Bf6 55.f3 Rb2+ 56.Kh3  1-0

[Event "Vladimir Zak mem"]
[Site "St Petersburg RUS"]
[Date "2007.03.30"]
[Round "7"]
[White "Lovkov,R"]
[Black "Pankov,Ger"]
[Result "1-0"]
[WhiteElo "2429"]
[BlackElo "2321"]

1.d4 d5 2.c4 c6 3.Nc3 Nf6 4.Nf3 dxc4 5.a4 Bf5 6.e3 e6 7.Bxc4 Bb4 8.O-O Nbd7
9.Qe2 Ne4 10.Bd3 Ndc5 11.Bc2 Bxc3 12.bxc3 Nxc3 13.Qe1 N5e4 14.Ne5 Nd5 15.f3 Ng3
16.Qxg3 Bxc2 17.Qxg7 Qf6 18.Qg3 Bxa4 19.e4 Nb6 20.Ng4 Qg7 21.Qh4 f5 22.exf5 exf5
23.Re1+ Kd7 24.Ne5+ Kc8 25.Bh6  1-0

[Event "1st Archil Ebralidze Mem"]
[Site "Tbilisi GEO"]
[Date "2007.04.04"]
[Round "2"]
[White "Margvelashvili,G"]
[Black "Bagaturov,G"]
[Result "1/2-1/2"]
[WhiteElo "2432"]
[BlackElo "2478"]

1.d4 Nf6 2.c4 c6 3.Nf3 d5 4.Nc3 dxc4 5.a4 Bf5 6.Ne5 Nbd7 7.Nxc4 Nb6 8.Ne5 a5
9.e3 Nbd7 10.Qb3 Nxe5 11.dxe5 Nd7 12.e4 Be6 13.Qxb7 Nxe5 14.Bf4 Rb8 15.Qa6 Ra8
16.Qb7  1/2-1/2

[Event "18th Pobeskydi Radegast"]
[Site "Frydek Mistek CZE"]
[Date "2007.04.06"]
[Round "3"]
[White "Jedlicka,A"]
[Black "Belunek,V"]
[Result "1/2-1/2"]
[WhiteElo "2253"]
[BlackElo "2278"]

1.d4 d5 2.c4 c6 3.Nc3 Nf6 4.Nf3 dxc4 5.a4 Bf5 6.e3 e6 7.Bxc4 Bb4 8.O-O O-O
9.Nh4 Bg4 10.f3 Bh5 11.g4 Bg6 12.e4 Nbd7 13.g5 Ne8 14.Be3 e5 15.Nxg6 hxg6
16.Kh1 exd4 17.Qxd4 Bc5 18.Qd2 Bxe3 19.Qxe3 Qb6 20.Qxb6 Nxb6 21.Bb3 a5 22.Rad1 Nc7
23.Rd6 Rfd8 24.Rfd1 Rxd6 25.Rxd6 Kf8 26.Kg2 Ke7 27.e5 Nd7 28.f4 Nc5 29.Bc2 N7e6
30.Kg3 Rd8 31.Rxd8 Kxd8 32.h4 Nd4 33.Bb1 b5 34.axb5 cxb5 35.Kg4 b4 36.Nd1 a4
37.h5 gxh5+ 38.Kxh5 g6+ 39.Kg4 Ke7 40.Ne3 Ke6 41.Ba2+ b3 42.Bb1 Nb5 43.Nc4 Kd5
44.Nd2 Nd4 45.Nf1 Nc2 46.Bxc2 bxc2 47.Ne3+ Ke4 48.Nxc2 Nd3 49.Na3 Nxb2 50.Nb5 Kd5
51.Nc3+ Ke6 52.Kf3 a3 53.Ke4 Nc4 54.Kd4 Nb6 55.Ke4 Nc8 56.Na2 Ne7 57.Nb4 Kd7
58.Na2 Kc6 59.Kd4 Kb5 60.e6 fxe6 61.Ke5 Nd5 62.f5 exf5 63.Kxd5 f4 64.Ke4 Kc4
65.Kxf4 Kb3 66.Nc1+ Kc2 67.Na2 Kb3 68.Nc1+ Kb2 69.Nd3+ Kc3 70.Nc1  1/2-1/2

[Event "Elitzur Winter"]
[Site "Givataim ISR"]
[Date "2007.04.07"]
[Round "1"]
[White "Kantsler,B"]
[Black "Porat,I"]
[Result "1-0"]
[WhiteElo "2491"]
[BlackElo "2348"]

1.d4 d5 2.c4 c6 3.Nf3 Nf6 4.Nc3 dxc4 5.a4 Bf5 6.Ne5 Nbd7 7.Nxc4 Qc7 8.Qd2 Ne4
9.Qf4 Qxf4 10.Bxf4 g5 11.Bc1 Nb6 12.Ne3 Bg6 13.a5 Nd5 14.Nexd5 cxd5 15.Nxe4 dxe4
16.Bxg5 e3 17.Bxe3 e5 18.dxe5 Bb4+ 19.Bd2 Bxd2+ 20.Kxd2 Ke7 21.Ke3 Rac8 22.f4 Rc2
23.g4 f6 24.Bg2 fxe5 25.f5 Bf7 26.Be4 Rxb2 27.Rhb1 Rxb1 28.Rxb1 Rb8 29.Rxb7+ Rxb7
30.Bxb7 h5 31.g5  1-0

[Event "Kaupthing GM"]
[Site "Reykjavik ISL"]
[Date "2007.04.07"]
[Round "6"]
[White "Kristjansson,St"]
[Black "Shaw,J"]
[Result "1/2-1/2"]
[WhiteElo "2485"]
[BlackElo "2441"]

1.d4 d5 2.c4 c6 3.Nf3 Nf6 4.Nc3 dxc4 5.a4 Bf5 6.Ne5 e6 7.f3 c5 8.e4 Bg6 9.Be3 cxd4
10.Qxd4 Qxd4 11.Bxd4 Nfd7 12.Nxd7 Nxd7 13.Bxc4 a6 14.Ke2 Rc8 15.Ba2 Rg8 16.Rhc1 Bc5
17.Bxc5 Rxc5 18.b4 Rc6 19.Nd1 Ke7 20.Rxc6 bxc6 21.Bc4 Rb8 22.Bxa6 Rxb4 23.a5 Kd6
24.Bd3 Kc7 25.Kd2 Nc5 26.Bc2 f5 27.Kc3 Rb8 28.exf5 Bxf5 29.Ne3 Bxc2 30.Nxc2 Na6
31.Nd4 Kd7 32.f4  1/2-1/2

[Event "Reykjavik International"]
[Site "Reykjavik ISL"]
[Date "2007.04.11"]
[Round "1"]
[White "Sriram,J"]
[Black "Halldorsson,J"]
[Result "1/2-1/2"]
[WhiteElo "2425"]
[BlackElo "2186"]

1.d4 d5 2.c4 c6 3.Nc3 Nf6 4.Nf3 dxc4 5.a4 Bf5 6.Ne5 Nbd7 7.Nxc4 Nb6 8.Ne5 a5
9.g3 e6 10.Bg2 Bb4 11.O-O O-O 12.e3 h6 13.Qe2 Bh7 14.Rd1 Nfd7 15.Nxd7 Nxd7
16.e4 Qe7 17.e5 Nb6 18.Be4 Nd5 19.Bxh7+ Kxh7 20.Qd3+ Kg8 21.Nxd5 cxd5 22.f4 Rac8
23.Be3 Rc4 24.f5 exf5 25.Rf1 Qc7 26.Qxf5 Qc8 27.Qd3 Qe6 28.Rf5 f6 29.Raf1 fxe5
30.Rxe5 Qc6 31.Ref5 Qe6 32.Re5 Qc6 33.Ref5 Qe6 34.Rxf8+ Bxf8 35.b3 Rc8 36.Bf4 Bd6
37.Bxd6 Qxd6 38.Qf5 Rf8 39.Qg4 Rxf1+ 40.Kxf1 Kf7 41.Kg2 Qc6 42.Qf5+ Ke7 43.g4 Qe6
44.Kf3 g6 45.Qd3 h5 46.h3 Qf6+ 47.Kg3 Qd6+ 48.Kg2 hxg4 49.hxg4 Qe6 50.Kf3 Qf6+
51.Kg3 Qd6+ 52.Kh3 b6 53.Qe3+ Qe6 54.Qxe6+ Kxe6 55.Kg3 g5  1/2-1/2

[Event "Reykjavik International"]
[Site "Reykjavik ISL"]
[Date "2007.04.12"]
[Round "2"]
[White "Bjornsson,Si"]
[Black "Berg,R"]
[Result "1/2-1/2"]
[WhiteElo "2329"]
[BlackElo "2148"]

1.d4 d5 2.c4 c6 3.Nf3 Nf6 4.Nc3 dxc4 5.a4 Bf5 6.e3 e6 7.Bxc4 Bb4 8.O-O O-O
9.Qe2 Ne4 10.Nxe4 Bxe4 11.Rd1 Nd7 12.h3 Qf6 13.Nd2 Bc2 14.Rf1 Qg6 15.Nf3 Be4
16.Rd1 Bc2 17.Rf1 Be4 18.Rd1 Bc2 19.Rf1 Be4  1/2-1/2

[Event "Elitzur Winter"]
[Site "Givataim ISR"]
[Date "2007.04.16"]
[Round "10"]
[White "Iclicki,W"]
[Black "Porat,I"]
[Result "0-1"]
[WhiteElo "2177"]
[BlackElo "2348"]

1.d4 d5 2.c4 c6 3.Nf3 Nf6 4.Nc3 dxc4 5.a4 Bf5 6.Ne5 Nbd7 7.Nxc4 Qc7 8.Qd2 g6
9.Qf4 Qxf4 10.Bxf4 Bg7 11.f3 Nd5 12.Nxd5 cxd5 13.Ne5 Nxe5 14.Bxe5 f6 15.Bc7 e5
16.e3 Rc8 17.Ba5 h5 18.Bc3 Kf7 19.Kf2 exd4 20.exd4 Bh6 21.Re1 Bc2 22.a5 a6
23.g3 Rhe8 24.Bh3 Bf5 25.Bg2 g5 26.Rxe8 Rxe8 27.Re1 Rxe1 28.Kxe1 Ke6 29.Bf1 Kd6
30.Bb4+ Kd7 31.Bc5 g4 32.f4 Bc2 33.Kd2 Be4 34.Be2 f5 35.Kc3 h4 36.Bf1 h3
37.Kd2 Bxf4+ 38.gxf4 g3  0-1

[Event "Open"]
[Site "Metz FRA"]
[Date "2007.04.20"]
[Round "7"]
[White "Wirig,A"]
[Black "Lalic,B"]
[Result "1/2-1/2"]
[WhiteElo "2443"]
[BlackElo "2519"]

1.d4 d5 2.Nf3 Nf6 3.c4 dxc4 4.Nc3 c6 5.a4 Bf5 6.e3 e6 7.Bxc4 Bb4 8.O-O O-O
9.Qe2 Bg6 10.Ne5 Nbd7 11.Nxg6 hxg6 12.Rd1 Qe7 13.e4 e5 14.d5 Nb6 15.Bb3 cxd5
16.Nxd5 Nbxd5 17.Bxd5 Nxd5 18.Rxd5 Rfd8 19.Rxd8+  1/2-1/2

[Event "15th Sigeman & Co"]
[Site "Malmo SWE"]
[Date "2007.04.26"]
[Round "9"]
[White "L'Ami,E"]
[Black "Hector,J"]
[Result "1-0"]
[WhiteElo "2617"]
[BlackElo "2537"]

1.d4 d5 2.c4 c6 3.Nf3 Nf6 4.Nc3 dxc4 5.a4 Bf5 6.e3 e6 7.Bxc4 Bb4 8.O-O Nbd7
9.Qe2 Bg4 10.h3 Bxf3 11.Qxf3 O-O 12.Rd1 e5 13.d5 Bxc3 14.dxc6 e4 15.Qe2 Be5
16.cxd7 Qe7 17.Ra2 Rfd8 18.b3 Rxd7 19.Rxd7 Qxd7 20.Rd2 Qe7 21.Rd1 h6 22.Bd2 Rc8
23.Qe1 Rd8 24.Bc1 Rc8 25.Qa5 Re8 26.Qxa7 Rd8 27.Rxd8+ Qxd8 28.Bf1 Qd1 29.Qc5 Nd7
30.Qc8+ Kh7 31.Qxb7 f5 32.Qc6 Bf6 33.Ba3 Ne5 34.Qe6 Kg6 35.Bb2 Nd7 36.a5 Kg5
37.Bxf6+ Nxf6 38.a6 Qa1 39.Qe7 Kg6 40.a7 Kh7  1-0